Normal view
MARC view
- 1.System design. 2.System analysis.
Entry Topical Term
001 - CONTROL NUMBER
- control field: 3024
003 - CONTROL NUMBER IDENTIFIER
- control field: NUST
005 - DATE AND TIME OF LATEST TRANSACTION
- control field: 20170621114816.0
008 - FIXED-LENGTH DATA ELEMENTS
- fixed length control field: 170621|| aca||aabn | a|a d
040 ## - CATALOGING SOURCE
- Original cataloging agency: NUST
- Transcribing agency: NUST
150 ## - HEADING--TOPICAL TERM
- Topical term or geographic name entry element: 1.System design. 2.System analysis.
670 ## - SOURCE DATA FOUND
- Source citation: Work cat.: (NUST)23928: Jeffrey A, Hoffer. 3023, Modern systems analysis and design, 2002.
